00481nam a2200145Ia 4500008004100000041000800041082001200049100001800061245004500079260003000124300003100154365001100185999001700196952012200213240624s9999 xx 000 0 und d aeng a828 ALI aALI FARZANA S aPARTITION THE TRAUMA OF PARTITIONED LIVE c2013aNew DelhibDattsons axiv, : 269 : p. : cm. ; 22 cRSb25 c23869d23869 00104070aIMTNbIMTNcRack 42-Ad2014-11-13eWBDg895.00l0o828 ALIp23869r2024-06-24 00:00:00t1w2024-06-24yBK